Dẫn luận về Hồi giáo
Tác giả cũng cấp những hiểu biết của mình về tôn giáo Hồi giáo, khảo sát những vấn đề như tại sao Hồi giáo có sự phân chia lớn thành những dòng như Shia, Sunni hay Wahabi, và tầm quan trọng của luật Sharia trong đời sống Hồi giáo......
Na minha lista:
| Autor principal: | |
|---|---|
| Outros Autores: | |
| Formato: | Livro |
| Idioma: | Undetermined |
| Publicado em: |
H.
Nxb Hồng Đức
2016
|
| Assuntos: | |
| Acesso em linha: | http://lrc.tdmu.edu.vn/opac/search/detail.asp?aID=2&ID=29191 |
| Tags: |
Adicionar Tag
Sem tags, seja o primeiro a adicionar uma tag!
|
| Thư viện lưu trữ: | Trung tâm Học liệu Trường Đại học Thủ Dầu Một |
|---|
| LEADER | 01013nam a2200217Ia 4500 | ||
|---|---|---|---|
| 001 | TDMU_29191 | ||
| 008 | 210410s9999 xx 000 0 und d | ||
| 082 | |a 657.7 | ||
| 090 | |b R522 | ||
| 100 | |a Ruthven, Malise | ||
| 245 | 0 | |a Dẫn luận về Hồi giáo | |
| 245 | 0 | |c Malise Ruthven; Thái An (dịch) | |
| 260 | |a H. | ||
| 260 | |b Nxb Hồng Đức | ||
| 260 | |c 2016 | ||
| 300 | |a 279tr | ||
| 520 | |a Tác giả cũng cấp những hiểu biết của mình về tôn giáo Hồi giáo, khảo sát những vấn đề như tại sao Hồi giáo có sự phân chia lớn thành những dòng như Shia, Sunni hay Wahabi, và tầm quan trọng của luật Sharia trong đời sống Hồi giáo... | ||
| 650 | |a Đạo Hồi giáo |x Giáo lý | ||
| 700 | |a Nguyễn, Tiến Văn | ||
| 856 | |u http://lrc.tdmu.edu.vn/opac/search/detail.asp?aID=2&ID=29191 | ||
| 980 | |a Trung tâm Học liệu Trường Đại học Thủ Dầu Một | ||